000 01475nam a2200385 i 4500
001 197932
003 ES-MaACL
005 20251217063026.0
008 251105s2021 sp a | |||| 001 0 spa
017 _aB 14916-2021
_bOficina Depósito Legal Barcelona
020 _a978-84-123623-5-0
040 _aES-MaACL
_bspa
_cES-MaACL
_erda
080 _a77.044
080 _a316.74:77
100 1 _aSurinyach, Anna
_d1985-
_4aut
_9242474
_eaut
245 1 3 _aEl compromiso de la fotografía :
_cconversación entre Anna Surinyach y Juan Carlos Tomasi ; ilustraciones de Cinta Fosch
250 _aPrimera edición: septiembre de 2021
264 1 _a[Barcelona]
_b5W,
_c[2021]
300 _a141 páginas :
_bilustraciones (color) ;
_c16 cm
336 _aTexto
_2rdacontent
337 _asin mediación
_2rdamedia
338 _avolumen
_2rdacarrier
490 0 _aVoces 5W ;
_vnº 6
500 _aÍndice
650 4 _aFotografía periodística
_9235387
650 4 _aFotografía
_xAspectos sociales
_912944
655 4 _aConversaciones
_9237597
700 1 _aTomasi, Juan Carlos
_d1959-
_4aut
_9242475
_eaut
700 1 _aFosch, Cinta
_d1986-
_4ill
_9242476
_eill
852 _aES-MaACL
_cDEPO1
_jA-15892
_hDonación: José Lázaro García
_xEncuadernación rústica con solapas
_9206990
942 _cMONOGRAFIA
_n0
999 _c197932
_d197932